Pays d'origine des plats.#3 - Statistiques

Statistiques générales
  • Ce quiz a été pris 707 fois
  • Le résultat moyen est 6 sur 8
Statistiques - réponses
Par images Réponse % Correct
France
98%
Italie
97%
Suisse
89%
Espagne/Portugal
79%
Allemagne
70%
Japon
57%
Chine
54%
Turquie
46%
Aucun quiz correspondant
Distribution des résultats
% des personnes avec chaque résultat
Percentile par nombre de réponses
Votre historique - résultats
Vous n’avez pas pris ce quiz